Old Testament in the Jewish Church. (Record no. 48)
[ view plain ]
| 000 -LEADER | |
|---|---|
| fixed length control field | 00619nam a2200241 a 4500 |
| 020 ## - INTERNATIONAL STANDARD BOOK NUMBER | |
| ISBN | |
| 082 00 - DEWEY DECIMAL CLASSIFICATION NUMBER | |
| Classification number | 221.13 |
| Author Cutter | SMI |
| 100 ## - MAIN ENTRY--AUTHOR NAME | |
| Author name | Smith, W Robertson |
| 245 ## - TITLE STATEMENT | |
| Title | Old Testament in the Jewish Church. |
| 260 ## - PUBLICATION, DISTRIBUTION, ETC. (IMPRINT) | |
| Place of publication | Cambridge |
| Name of publisher | Cambridge University Press |
| Year of publication | 1892 |
| 300 ## - PHYSICAL DESCRIPTION | |
| Number of Pages | 458p |
| 500 ## - GENERAL NOTE | |
| General note | includes index and biblioraphy |
| 505 2# - FORMATTED CONTENTS NOTE | |
| Formatted contents note | Indices |
| 650 ## - SUBJECT ADDED ENTRY--TOPICAL TERM | |
| Topical Term | Bible O.T. Criticism & Interpretati |
| 942 ## - ADDED ENTRY ELEMENTS (KOHA) | |
| Koha item type | Books |
| 700 1# - | |
| -- | Smith, W Robertson |
| Home library | Current library | Date acquired | Cost, normal purchase price | Full call number | Accession Number | Koha item type |
|---|---|---|---|---|---|---|
| Henry Martyn Institute Library | Henry Martyn Institute Library | 06/18/2007 | 100.00 | 221.13 SMI | 1719 | Archive Book |
